Statistiken für Flaggen: Vertikale, Horizontale oder Diagonale Streifen?

Klicken Sie hier um das Quiz zu spielen!

Allgemein

  • Dieses Quiz wurde 57 mal gespielt
  • Das Durchschnittsergebnis liegt bei 22 aus 35

Antwortstatistiken

HintAntwort% Korrekt
LaosHorizontal
77%
UkraineHorizontal
77%
UsbekistanHorizontal
75%
JemenHorizontal
75%
SlovenienHorizontal
73%
KolumbienHorizontal
73%
UgandaHorizontal
71%
LibanonHorizontal
71%
PeruVertikal
71%
FrankreichVertikal
69%
KamerunVertikal
69%
ÄthiopienHorizontal
67%
SingapurHorizontal
65%
MexikoVertikal
65%
KanadaVertikal
65%
ElfenbeinküsteVertikal
65%
D.R. KongoDiagonal
63%
BolivienHorizontal
63%
MauritiusHorizontal
63%
TansaniaDiagonal
60%
NigeriaVertikal
60%
GuatemalaVertikal
60%
AndorraVertikal
60%
MaliVertikal
58%
MoldauVertikal
58%
AlgerienVertikal
58%
TschadVertikal
56%
GhanaHorizontal
54%
KeniaHorizontal
54%
Trinidad & TobagoDiagonal
52%
GuineaVertikal
50%
BruneiDiagonal
48%
St. Vincent und die GrenadinenVertikal
48%
NigerHorizontal
46%
NamibiaDiagonal
40%

Verteilung der Resultate

Perzentil nach korrekt beantworteten Fragen

Anzahl Personen mit jedem Resultat

Ihre Resultats-Entwicklung

Sie haben dieses Quiz noch nicht gespielt